000
00245nam a22000857a 4500
999
_c
11373
_d
11373
008
190402b ||||| |||| 00| 0 eng d
100
_a
Arora Sumita
_9
7111
245
_a
Computer Science with C++ Class-XII
260
_a
New Delhi
_b
Dhanpat Rai & Co
_c
2012